| 000 | 00465nam a2200157 i 4500 | ||
|---|---|---|---|
| 001 | 74768 | ||
| 003 | ES-MaACL | ||
| 005 | 20230906172235.0 | ||
| 007 | t| | ||
| 008 | 040921s1972 sp ||||1| cat d | ||
| 100 | 1 |
_aGrabolosa, Ramón. _959449 |
|
| 245 | 1 | 0 |
_aCarlins i liberals _b: la darrera guerra carlina a Catalunya / _cRamón Grabolosa. |
| 260 |
_aBarcelona : _bAedos, _c[1972] |
||
| 300 |
_a350 p., 9 lám. ; _c22 cm. |
||
| 852 |
_aES-MaACL _jC-44186 _bR.81530 |
||
| 999 |
_c74768 _d74768 |
||